000 00650nam a2200265Ia 4500
005 20260306164546.0
008 008 260114s9999 xx 000 0 eng d
020 _a9780300255751
037 _aEBOOK
040 _aCRL
040 _beng
040 _cCRL
041 _2eng
041 _aeng
084 _qCRL
100 _aRahe
_91127227
245 0 _aSparta's Second Attic War: The Grand Strategy Of Classical Sparta, 446-418 B.C.
260 _bYale University Press
260 _c2021
650 _aHistory
856 _uhttps://academic.oup.com/book/37754
942 _cEBOOK
999 _c1714513
_d1714513